Sing along songs [ the lion king and circle of life

Sing and song

Bibliographic Details
Format: Book
Published: s.l : The Walt Disney Company , 19-
Subjects:

MARC

LEADER 00000cam a2200000 7i4500
001 0000005969
002 000006445
005 20021003.0
020 |a 000006445 
090 0 0 |a JF   |b SIN 
245 1 0 |a Sing along songs [  |h video recording] :   |b the lion king and circle of life 
260 |a s.l :   |b The Walt Disney Company ,   |c 19- 
300 |a 1 Video recording VHS (60 minutes) :   |b col.(PAL) 
500 |a Library has 1 copy 
520 0 |a Sing and song 
650 0 0 |a Cartoon and carricatures 
999 |a 00169   |b VIDEO   |c JUNIOR FICTION   |e PERPUSTAKAAN KOMUNITI PETALING JAYA